ბათუმის შოთა რუსთაველის სახელმწიფო უნივერსიტეტის ბიბლიოთეკა

ცხოვრება და ღვაწლი ივანე ჯავახიშვილისა (ბიბ.ჩანაწერი № 56701)

000 -LEADER
fixed length control field 00962nam a2200241Ia 4500
001 - CONTROL NUMBER
control field 23823
003 - CONTROL NUMBER IDENTIFIER
control field GE_BSU
008 - FIXED-LENGTH DATA ELEMENTS--GENERAL INFORMATION
fixed length control field 181216s||||||||xx |||||||||||||| ||und||
040 ## - CATALOGING SOURCE
Transcribing agency GE_BSU
080 ## - UNIVERSAL DECIMAL CLASSIFICATION NUMBER
Universal Decimal Classification number 930(479.22)(092)
100 ## - MAIN ENTRY--PERSONAL NAME
Personal name ჯორბენაძე, სერგო
245 ## - TITLE STATEMENT
Title ცხოვრება და ღვაწლი ივანე ჯავახიშვილისა
245 ## - TITLE STATEMENT
Statement of responsibility, etc. რედ. ა. შანიძე. მხატვ. ჯ. ყავლაშვილი
260 ## - PUBLICATION, DISTRIBUTION, ETC.
Place of publication, distribution, etc. თბილისი
260 ## - PUBLICATION, DISTRIBUTION, ETC.
Name of publisher, distributor, etc. თბილ. უნ-ტის გამ-ბა
260 ## - PUBLICATION, DISTRIBUTION, ETC.
Date of publication, distribution, etc. 1984.
300 ## - PHYSICAL DESCRIPTION
Extent 611გვ. ; 22სმ.
300 ## - PHYSICAL DESCRIPTION
Accompanying material პირთა საძიებელი: გვ. 599-609.
653 ## - INDEX TERM--UNCONTROLLED
Uncontrolled term ცხოვრება და ღვაწლი ივანე ჯავახიშვილისა
653 ## - INDEX TERM--UNCONTROLLED
Uncontrolled term ჯავახიშვილი ივანე
942 ## - ADDED ENTRY ELEMENTS (KOHA)
Koha item type წიგნი
ეგზემპლარები
Withdrawn status Lost status Damaged status Not for loan Date acquired Barcode Date last seen Price effective from Koha item type
        2018-12-17 28574 2018-12-17 2018-12-17 წიგნი